[Event "Titled Tuesday intern op 18th Oct Early"]
[Site "Chess.com INT"]
[Date "2022.10.18"]
[Round "5"]
[White "Troyke, Christian"]
[Black "Gonzalez Vega, Alejandro"]
[Result "1-0"]
[WhiteElo "2312"]
[BlackElo "2092"]
[PlyCount "59"]
[EventDate "2022.10.18"]
[EventType "swiss (blitz)"]
[EventRounds "11"]
[EventCountry "USA"]
[SourceTitle "EXT 2024"]
[Source "ChessBase"]
[SourceDate "2023.10.10"]
[SourceVersion "1"]
[SourceVersionDate "2023.10.10"]
[SourceQuality "1"]

1. g3 d5 2. Bg2 Nf6 3. c4 c6 4. Nf3 Bf5 5. cxd5 cxd5 6. Qb3 Bc8 7. 0-0 Nc6 8. d3 e6 9. Nc3 Be7 10. e4 d4 11. Ne2 e5 12. h3 0-0 13. Nh4 Be6 14. Qd1 Rc8 15. a3 Qd7 16. Kh2 Na5 17. f4 exf4 18. Nxf4 Bb3 19. Qe1 Nc6 20. Nf5 Ne5 21. Qf2 Rc2 22. Qxd4 Neg4+ 23. hxg4 Nxg4+ 24. Kh1 Qxd4 25. Nxd4 Nf2+ 26. Rxf2 Rxf2 27. Nxb3 Bf6 28. Rb1 Rc2 29. Nd5 Be5 30. Bf4 1-0

[Event "Titled Tuesday intern op 18th Oct Early"]
[Site "Chess.com INT"]
[Date "2022.10.18"]
[Round "7"]
[White "Troyke, Christian"]
[Black "Qashashvili, Alexandre"]
[Result "0-1"]
[WhiteElo "2312"]
[BlackElo "2505"]
[PlyCount "82"]
[EventDate "2022.10.18"]
[EventType "swiss (blitz)"]
[EventRounds "11"]
[EventCountry "USA"]
[SourceTitle "EXT 2024"]
[Source "ChessBase"]
[SourceDate "2023.10.10"]
[SourceVersion "1"]
[SourceVersionDate "2023.10.10"]
[SourceQuality "1"]

1. g3 c6 2. Bg2 d5 3. c4 Nf6 4. Nf3 Bf5 5. cxd5 cxd5 6. Qb3 Qb6 7. Nc3 Qxb3 8. axb3 Nc6 9. d3 e6 10. Be3 Be7 11. Nd4 Nxd4 12. Bxd4 a6 13. 0-0 0-0 14. e4 dxe4 15. dxe4 Bg6 16. e5 Nd7 17. Bxb7 Rab8 18. Bc6 Nc5 19. Bxc5 Bxc5 20. Rxa6 Rxb3 21. Na4 Bd3 22. Nxc5 Bxf1 23. Ra5 Rb6 24. Nd7 Rxc6 25. Nxf8 Rc1 26. f3 Kxf8 27. Ra8+ Ke7 28. Ra7+ Ke8 29. Ra8+ Kd7 30. Ra7+ Kc6 31. Rxf7 Bd3+ 32. Kf2 Rc2+ 33. Ke3 Bg6 34. Rxg7 Rxh2 35. Re7 Kd5 36. f4 Rxb2 37. Rd7+ Kc5 38. Re7 Rb3+ 39. Kf2 Kd5 40. g4 Ke4 41. Rxe6 Kxf4 0-1

[Event "Wroclaw Anderssen Memorial"]
[Site "Wroclaw"]
[Date "2021.07.31"]
[Round "4"]
[White "Troyke, Christian"]
[Black "Szoen, Dariusz"]
[Result "0-1"]
[WhiteElo "2317"]
[BlackElo "2394"]
[PlyCount "82"]
[EventDate "2021.07.31"]
[EventType "swiss (rapid)"]
[EventRounds "9"]
[EventCountry "POL"]
[SourceTitle "CBM 203 Extra"]
[Source "ChessBase"]
[SourceDate "2021.09.30"]
[SourceVersion "1"]
[SourceVersionDate "2021.09.30"]
[SourceQuality "1"]

1. g3 Nf6 2. Bg2 g6 3. d4 Bg7 4. e4 d6 5. Ne2 0-0 6. 0-0 Nbd7 7. c4 e5 8. Nbc3 Re8 9. h3 a5 10. d5 Nc5 11. Be3 c6 12. dxc6 bxc6 13. Bxc5 dxc5 14. Qxd8 Rxd8 15. Rfd1 Be6 16. b3 Nd7 17. Na4 Bf8 18. Nec3 Be7 19. Nd5 cxd5 20. exd5 Bf5 21. g4 Bc2 22. Rd2 Bxb3 23. axb3 Rab8 24. Ra3 Bg5 25. Rd1 f5 26. Nc3 e4 27. Nb5 Ne5 28. gxf5 gxf5 29. Rxa5 Nd3 30. Bf1 Ne5 31. d6 Bf6 32. Kh1 Rb6 33. Ra7 Nc6 34. Rd5 Nxa7 35. Nxa7 Rdxd6 36. Rxc5 Rd1 37. Kg2 f4 38. Nb5 f3+ 39. Kg1 Bd4 40. Rd5 Rg6+ 41. Kh2 Rxf1 0-1

[Event "Titled Tuesday intern op 16th Mar"]
[Site "Chess.com INT"]
[Date "2021.03.16"]
[Round "4"]
[White "Troyke, Christian"]
[Black "Arabidze, Meri"]
[Result "0-1"]
[WhiteElo "2317"]
[BlackElo "2437"]
[PlyCount "60"]
[EventDate "2021.03.16"]
[EventType "swiss (blitz)"]
[EventRounds "11"]
[EventCountry "USA"]
[SourceTitle "CBM 201 Extra"]
[Source "ChessBase"]
[SourceDate "2021.05.31"]
[SourceVersion "1"]
[SourceVersionDate "2021.05.31"]
[SourceQuality "1"]

1. g3 d5 2. Bg2 Nf6 3. c4 e6 4. Nf3 dxc4 5. 0-0 Nbd7 6. Na3 Bxa3 7. bxa3 e5 8. Qc2 0-0 9. Qxc4 c6 10. a4 Nb6 11. Qc2 Re8 12. d3 Nbd5 13. Bb2 Nd7 14. a3 a5 15. Rfd1 Qe7 16. e4 N5f6 17. Re1 c5 18. Rac1 b6 19. Nd2 Ba6 20. Nc4 Bxc4 21. dxc4 Nb8 22. f4 Nc6 23. Rcd1 h6 24. h3 Rad8 25. Rd5 exf4 26. gxf4 Nxd5 27. cxd5 Rxd5 28. e5 Nd4 29. Qc4 Rdd8 30. Be4 Qh4 0-1

[Event "Titled Tuesday intern op 15st Dec"]
[Site "Chess.com INT"]
[Date "2020.12.15"]
[Round "5"]
[White "Belyakov, Bogdan"]
[Black "Troyke, Christian"]
[Result "1-0"]
[WhiteElo "2448"]
[BlackElo "2317"]
[PlyCount "99"]
[EventDate "2020.12.15"]
[EventType "swiss (blitz)"]
[EventRounds "11"]
[EventCountry "USA"]
[SourceTitle "CBM 199 Extra"]
[Source "ChessBase"]
[SourceDate "2021.01.31"]
[SourceVersion "1"]
[SourceVersionDate "2021.01.31"]
[SourceQuality "1"]

1. e4 c5 2. c3 g6 3. d4 cxd4 4. cxd4 d5 5. exd5 Nf6 6. Nc3 Bg7 7. Bc4 0-0 8. Nge2 Nbd7 9. Nf4 Nb6 10. Bb3 Bg4 11. f3 Bd7 12. 0-0 Nc8 13. Re1 Nd6 14. Nd3 b5 15. Nc5 Be8 16. Bg5 b4 17. N3e4 Nfxe4 18. fxe4 Nb5 19. e5 h6 20. Bh4 g5 21. Bg3 a5 22. Qd3 f5 23. exf6 exf6 24. Ne6 Qb6 25. Nxf8 Kxf8 26. Rad1 a4 27. Bc4 Nd6 28. Re6 Rd8 29. Rde1 Bf7 30. Bxd6+ Rxd6 31. Rxd6 Qxd6 32. Qf5 Qd8 33. b3 a3 34. h3 h5 35. Kh1 h4 36. Bb5 Kg8 37. d6 Qxd6 38. Bc4 Bxc4 39. Qc8+ Kh7 40. Qxc4 f5 41. d5 Qg3 42. Qe2 g4 43. hxg4 fxg4 44. Rd1 Be5 45. Qd3+ Kg7 46. Qxg3 Bxg3 47. Rd4 Be1 48. Rxg4+ Kf6 49. Re4 Bf2 50. d6 1-0

[Event "Titled Tuesday intern op 15st Dec"]
[Site "Chess.com INT"]
[Date "2020.12.15"]
[Round "1"]
[White "Granara Barreto, Sebastian A"]
[Black "Troyke, Christian"]
[Result "1/2-1/2"]
[WhiteElo "2124"]
[BlackElo "2317"]
[PlyCount "83"]
[EventDate "2020.12.15"]
[EventType "swiss (blitz)"]
[EventRounds "11"]
[EventCountry "USA"]
[SourceTitle "CBM 199 Extra"]
[Source "ChessBase"]
[SourceDate "2021.01.31"]
[SourceVersion "1"]
[SourceVersionDate "2021.01.31"]
[SourceQuality "1"]

1. e4 c5 2. c3 g6 3. Nf3 Bg7 4. d4 cxd4 5. cxd4 d5 6. e5 Bg4 7. Be2 Nc6 8. 0-0 Nh6 9. Nc3 Nf5 10. h3 Bxf3 11. Bxf3 e6 12. Ne2 0-0 13. g3 f6 14. exf6 Qxf6 15. Bg4 Nfxd4 16. Nxd4 Nxd4 17. Be3 Nf5 18. Bxf5 gxf5 19. Rb1 a6 20. Qd2 Rac8 21. Rfe1 Rc4 22. b3 Rc3 23. Bg5 Qf7 24. Be3 Rfc8 25. Rbc1 Rxc1 26. Rxc1 Rxc1+ 27. Qxc1 d4 28. Qc8+ Qf8 29. Qxe6+ Kh8 30. Bd2 h6 31. Qd5 Kh7 32. Qxb7 Qd6 33. Qf3 Qe6 34. g4 fxg4 35. hxg4 Qg6 36. Kf1 Qb1+ 37. Kg2 Qxa2 38. Qf5+ Kh8 39. Qc8+ Kh7 40. Qf5+ Kh8 41. Qc8+ Kh7 42. Qf5+ 1/2-1/2

[Event "Titled Tuesday intern op 14th July"]
[Site "Chess.com INT"]
[Date "2020.07.14"]
[Round "5"]
[White "Sergeyev, Alexander"]
[Black "Troyke, Christian"]
[Result "0-1"]
[WhiteElo "2395"]
[BlackElo "2317"]
[PlyCount "90"]
[EventDate "2020.07.14"]
[EventType "swiss (blitz)"]
[EventRounds "10"]
[EventCountry "USA"]
[SourceTitle "CBM 197 Extra"]
[Source "ChessBase"]
[SourceDate "2020.09.30"]
[SourceVersion "1"]
[SourceVersionDate "2020.09.30"]
[SourceQuality "1"]

1. d4 g6 2. Nc3 Bg7 3. e4 c5 4. d5 d6 5. Nf3 Nf6 6. Bb5+ Bd7 7. Qe2 0-0 8. 0-0 e6 9. Bg5 h6 10. Bh4 exd5 11. Nxd5 Nc6 12. Rad1 g5 13. Bg3 Bg4 14. Bxc6 bxc6 15. Nxf6+ Qxf6 16. Rxd6 Qxb2 17. Rxc6 Qxa2 18. Rxc5 Rfc8 19. Qb5 Rxc5 20. Qxc5 Rc8 21. Qd5 Qxc2 22. Ne5 Be6 23. Qb7 Qc5 24. Nd3 Qb6 25. Qxb6 axb6 26. Rb1 Rc3 27. Nb4 Rb3 28. Rxb3 Bxb3 29. h4 b5 30. hxg5 hxg5 31. Bd6 Bf8 32. e5 g4 33. f4 gxf3 34. gxf3 Bh6 35. Kf2 Bc4 36. Kg3 Kg7 37. f4 Kg6 38. Kg4 Be2+ 39. Kg3 Kf5 40. Nd5 Bc4 41. Ne7+ Ke4 42. f5 Bf4+ 43. Kg4 Bxe5 44. Bb4 Bd4 45. Nc6 Bf6 0-1

[Event "Titled Tuesday intern op 7th July"]
[Site "Chess.com INT"]
[Date "2020.07.07"]
[Round "1"]
[White "Demchenko, Anton"]
[Black "Troyke, Christian"]
[Result "1/2-1/2"]
[WhiteElo "2641"]
[BlackElo "2317"]
[PlyCount "223"]
[EventDate "2020.07.07"]
[EventType "swiss (blitz)"]
[EventRounds "10"]
[EventCountry "USA"]
[SourceTitle "CBM 197 Extra"]
[Source "ChessBase"]
[SourceDate "2020.09.30"]
[SourceVersion "1"]
[SourceVersionDate "2020.09.30"]
[SourceQuality "1"]

1. d4 g6 2. e4 Bg7 3. Nf3 c5 4. dxc5 Na6 5. Bxa6 Qa5+ 6. Bd2 Qxa6 7. Bc3 Nf6 8. Nbd2 0-0 9. Qe2 b6 10. Qxa6 Bxa6 11. cxb6 axb6 12. Bd4 d5 13. e5 Nd7 14. a3 Rfc8 15. 0-0-0 Bd3 16. Bc3 Bf5 17. Rhe1 Nc5 18. Nd4 Bd7 19. Kb1 e6 20. f4 Bh6 21. g3 Bf8 22. Bb4 Be8 23. g4 Bh6 24. Rf1 Na6 25. Be7 b5 26. c3 Nc5 27. g5 Bg7 28. Bxc5 Rxc5 29. h4 h5 30. gxh6 Bxh6 31. Rf2 Ra4 32. Rg1 Kf8 33. N2b3 Rcc4 34. Kc2 b4 35. axb4 Raxb4 36. Kd3 Rb8 37. Ra1 Bxf4 38. Rxf4 Rxb3 39. Nxe6+ Ke7 40. Nd4 Rxb2 41. Ra7+ Kd8 42. e6 fxe6 43. Nxe6+ Kc8 44. Nd4 Rb7 45. Ra8+ Kd7 46. Rf6 Rc8 47. Rxc8 Kxc8 48. Rd6 Bf7 49. Ke3 Re7+ 50. Kf4 Re4+ 51. Kg5 Kc7 52. Rf6 Be8 53. Re6 Kd7 54. Rxe4 dxe4 55. Kf4 Kd6 56. Kxe4 Kc5 57. Ne2 Kc4 58. Ke5 Kd3 59. Nf4+ Kxc3 60. Ke6 Kd4 61. Ke7 Bb5 62. Nxg6 Be2 63. Kf6 Ke4 64. Kg5 Bd1 65. Nf4 Ke5 66. Ng2 Bf3 67. Ne3 Ke4 68. Nf5 Ke5 69. Nh6 Ke6 70. Kf4 Bd1 71. Kg5 Ke7 72. Nf5+ Kf7 73. Ne3 Be2 74. Nd5 Kg7 75. Nf4 Bd1 76. Ne6+ Kh7 77. Nd4 Kh8 78. Kh6 Bg4 79. Nc6 Bf3 80. Ne5 Be2 81. Ng6+ Kg8 82. Nf4 Bf3 83. Nh3 Kh8 84. Ng5 Be2 85. Kg6 Bd3+ 86. Kf6 Be2 87. Ne6 Kh7 88. Nf4 Bd1 89. Ng2 Kh6 90. Nf4 Bf3 91. Kf5 Bd1 92. Ke5 Bf3 93. Kd4 Bd1 94. Ke3 Bh5 95. Kf2 Bf7 96. Kg3 Kh7 97. Ng2 Kh6 98. Ne3 Bg6 99. Kg4 Bh5+ 100. Kf4 Bg6 101. Ng4+ Kh5 102. Kg3 Bf5 103. Ne3 Kg6 104. Nd5 Be6 105. Nf4+ Kf6 106. Nd3 Bf7 107. Kf4 Kg6 108. Ne5+ Kf6 109. Nd7+ Kg6 110. Kg3 Kh5 111. Ne5 Be8 112. Ng4 1/2-1/2

[Event "Titled Tuesday intern op 7th July"]
[Site "Chess.com INT"]
[Date "2020.07.07"]
[Round "5"]
[White "Gonzalez, Francisco Silva"]
[Black "Troyke, Christian"]
[Result "0-1"]
[WhiteElo "2049"]
[BlackElo "2317"]
[PlyCount "144"]
[EventDate "2020.07.07"]
[EventType "swiss (blitz)"]
[EventRounds "10"]
[EventCountry "USA"]
[SourceTitle "CBM 197 Extra"]
[Source "ChessBase"]
[SourceDate "2020.09.30"]
[SourceVersion "1"]
[SourceVersionDate "2020.09.30"]
[SourceQuality "1"]

1. d4 g6 2. e4 Bg7 3. c4 d6 4. Nc3 Nf6 5. f3 0-0 6. Be3 c5 7. Nge2 Nc6 8. d5 Ne5 9. Ng3 e6 10. Be2 h5 11. 0-0 a6 12. a4 exd5 13. cxd5 h4 14. Nh1 h3 15. g3 Re8 16. Nf2 Qd7 17. Qc2 b6 18. Rfe1 Rb8 19. Kh1 b5 20. Qc1 b4 21. Nb1 Qe7 22. Nd2 a5 23. Bb5 Bd7 24. Bxd7 Nexd7 25. Nxh3 c4 26. Nxc4 Rbc8 27. b3 Nc5 28. Qc2 Nfd7 29. Rad1 Ne5 30. Nxe5 Qxe5 31. Bd4 Qh5 32. Bxg7 Qxf3+ 33. Qg2 Qxg2+ 34. Kxg2 Kxg7 35. Nf2 Nxb3 36. Re3 Nc5 37. Ra1 f5 38. Kf3 fxe4+ 39. Nxe4 Nxe4 40. Rxe4 Rc3+ 41. Kf4 Rxe4+ 42. Kxe4 Rc2 43. h4 Rc4+ 44. Kf3 b3 45. Rb1 Rc3+ 46. Kf4 Kf6 47. g4 Rc4+ 48. Kf3 Rb4 49. h5 gxh5 50. gxh5 Kg5 51. Rh1 Kh6 52. Ke3 Rxa4 53. Kd3 b2 54. Rb1 Rb4 55. Kc3 Kxh5 56. Rh1+ Kg5 57. Rg1+ Kf5 58. Rb1 Ke5 59. Re1+ Kxd5 60. Rd1+ Kc5 61. Rb1 d5 62. Kc2 a4 63. Ra1 Kb5 64. Rb1 a3 65. Ra1 Ka4 66. Rb1 Rg4 67. Kc3 Rg2 68. Rd1 a2 69. Rd4+ Kb5 70. Rxd5+ Kc6 71. Rb5 Kxb5 72. Kd4 b1Q 0-1

[Event "Titled Tuesday intern op 7th July"]
[Site "Chess.com INT"]
[Date "2020.07.07"]
[Round "7"]
[White "Kirichenko, Vitaly"]
[Black "Troyke, Christian"]
[Result "0-1"]
[WhiteElo "2292"]
[BlackElo "2317"]
[PlyCount "58"]
[EventDate "2020.07.07"]
[EventType "swiss (blitz)"]
[EventRounds "10"]
[EventCountry "USA"]
[SourceTitle "CBM 197 Extra"]
[Source "ChessBase"]
[SourceDate "2020.09.30"]
[SourceVersion "1"]
[SourceVersionDate "2020.09.30"]
[SourceQuality "1"]

1. d4 g6 2. e4 Bg7 3. h4 h5 4. Nc3 c5 5. dxc5 Bxc3+ 6. bxc3 Qa5 7. Qd4 Nf6 8. Qb4 Nc6 9. Qxa5 Nxa5 10. Bd3 0-0 11. Nf3 b6 12. cxb6 axb6 13. Bg5 Kg7 14. e5 Nd5 15. c4 f6 16. cxd5 fxg5 17. hxg5 Bb7 18. c4 Nb3 19. Rb1 Nc5 20. Be2 Rxa2 21. Rxb6 Ra1+ 22. Bd1 Ba6 23. Nd2 Nd3+ 24. Ke2 Nxe5 25. Rh4 d6 26. Nb3 Ra2+ 27. Ke1 Bxc4 28. Nd4 Bxd5 29. f4 Nd3+ 0-1

[Event "Titled Tuesday intern op 7th July"]
[Site "Chess.com INT"]
[Date "2020.07.07"]
[Round "8"]
[White "Troyke, Christian"]
[Black "Idrisova, Roza"]
[Result "1/2-1/2"]
[WhiteElo "2317"]
[BlackElo "1960"]
[PlyCount "127"]
[EventDate "2020.07.07"]
[EventType "swiss (blitz)"]
[EventRounds "10"]
[EventCountry "USA"]
[SourceTitle "CBM 197 Extra"]
[Source "ChessBase"]
[SourceDate "2020.09.30"]
[SourceVersion "1"]
[SourceVersionDate "2020.09.30"]
[SourceQuality "1"]

1. g3 d5 2. Bg2 Nf6 3. c4 c6 4. Nf3 Bf5 5. cxd5 cxd5 6. Qb3 Qb6 7. Nc3 e6 8. d3 Nbd7 9. 0-0 Be7 10. Be3 Qxb3 11. axb3 0-0 12. Bxa7 Bc5 13. Nb5 Bxa7 14. Rxa7 Rxa7 15. Nxa7 Ra8 16. Nb5 Ra2 17. Rb1 b6 18. Nc3 Ra8 19. b4 h6 20. Nd4 Bg6 21. e4 dxe4 22. dxe4 Rd8 23. Nc6 Re8 24. e5 Ng4 25. f4 Bxb1 26. Nxb1 Ne3 27. Be4 Nd5 28. Nc3 Ne7 29. Kf2 Kf8 30. Ke3 Nxc6 31. Bxc6 Rd8 32. Ne4 Ke7 33. Nd6 f6 34. Nc4 fxe5 35. fxe5 Rb8 36. Kd4 b5 37. Nd6 Rb6 38. Bxd7 Kxd7 39. Kc5 Rc6+ 40. Kxb5 Rc2 41. b3 Rxh2 42. Kc5 g5 43. b5 Rc2+ 44. Kd4 h5 45. Ne4 h4 46. Nxg5 hxg3 47. Ke3 g2 48. Nf3 Rb2 49. Ng1 Rxb3+ 50. Kf2 Rb2+ 51. Kg3 Kc7 52. Nh3 Kb6 53. Kh2 Kxb5 54. Nf4 Kc5 55. Nxe6+ Kd5 56. Nf4+ Kxe5 57. Nxg2 Ke4 58. Kg3 Rb3+ 59. Kg4 Rb8 60. Nh4 Rg8+ 61. Kh5 Kf4 62. Ng6+ Ke4 63. Kg5 Rxg6+ 64. Kxg6 1/2-1/2

[Event "Titled Tuesday intern op 7th July"]
[Site "Chess.com INT"]
[Date "2020.07.07"]
[Round "2"]
[White "Troyke, Christian"]
[Black "Petrosyan, Manuel"]
[Result "0-1"]
[WhiteElo "2317"]
[BlackElo "2607"]
[PlyCount "76"]
[EventDate "2020.07.07"]
[EventType "swiss (blitz)"]
[EventRounds "10"]
[EventCountry "USA"]
[SourceTitle "CBM 197 Extra"]
[Source "ChessBase"]
[SourceDate "2020.09.30"]
[SourceVersion "1"]
[SourceVersionDate "2020.09.30"]
[SourceQuality "1"]

1. g3 e5 2. c4 c6 3. Bg2 d5 4. cxd5 cxd5 5. d4 e4 6. Nc3 Nf6 7. Bg5 Be7 8. Nh3 Bxh3 9. Bxh3 Nc6 10. 0-0 Ng8 11. Be3 Bb4 12. Rc1 Nge7 13. Qb3 0-0 14. Bg5 f6 15. Be6+ Kh8 16. Be3 Bxc3 17. Rxc3 f5 18. Qxb7 f4 19. gxf4 Rf6 20. Qd7 Qf8 21. f5 Rd8 22. Qc7 g6 23. Rxc6 Nxc6 24. Qxc6 gxf5 25. Bf4 Qg7+ 26. Kh1 Rg8 27. Bxg8 Rxc6 28. Be5 Kxg8 29. Bxg7 Kxg7 30. Rg1+ Kf6 31. Rg8 Rc2 32. Rf8+ Kg6 33. Rd8 Rxe2 34. Rxd5 Rxf2 35. Rb5 Rd2 36. Kg1 e3 37. a4 Rd1+ 38. Kg2 e2 0-1

[Event "Titled Tuesday intern op 16th June"]
[Site "Chess.com INT"]
[Date "2020.06.16"]
[Round "6"]
[White "Gabdrakhmanov, Azat"]
[Black "Troyke, Christian"]
[Result "0-1"]
[WhiteElo "2328"]
[BlackElo "2317"]
[PlyCount "80"]
[EventDate "2020.06.16"]
[EventType "swiss (blitz)"]
[EventRounds "10"]
[EventCountry "USA"]
[SourceTitle "EXT 2021"]
[Source "ChessBase"]
[SourceDate "2020.10.23"]
[SourceVersion "1"]
[SourceVersionDate "2020.10.23"]
[SourceQuality "1"]

1. e4 c5 2. Nf3 g6 3. d4 cxd4 4. Qxd4 Nf6 5. e5 Nc6 6. Qd1 Nxe5 7. Nxe5 Qa5+ 8. Nc3 Qxe5+ 9. Be2 Bg7 10. 0-0 0-0 11. Kh1 d5 12. f4 Qd6 13. Bf3 e6 14. Be3 b6 15. Bd4 Ba6 16. Be5 Qd8 17. Re1 Rc8 18. a4 Nd7 19. Bxg7 Kxg7 20. a5 bxa5 21. Qd4+ Kg8 22. Qxa7 Ra8 23. Qd4 Bb7 24. Rad1 Qb6 25. Qd2 a4 26. f5 Rfe8 27. fxe6 fxe6 28. Qg5 Bc6 29. Nxd5 exd5 30. Bxd5+ Kh8 31. Be6 Qxb2 32. h3 Qf6 33. Qg4 Ne5 34. Rxe5 Qxe5 35. Bf7 Rf8 36. Rf1 Qe4 37. Qg3 Qd4 38. Kh2 a3 39. Rd1 Qf6 40. Ba2 Qf4 0-1

[Event "Titled Tuesday intern op 6th June"]
[Site "Chess.com INT"]
[Date "2020.06.02"]
[Round "1"]
[White "Troyke, Christian"]
[Black "Abdrlauf, Elham"]
[Result "1/2-1/2"]
[WhiteElo "2317"]
[BlackElo "2362"]
[PlyCount "202"]
[EventDate "2020.06.02"]
[EventType "swiss (blitz)"]
[EventRounds "10"]
[EventCountry "USA"]
[SourceTitle "CBM 196 Extra"]
[Source "ChessBase"]
[SourceDate "2020.07.31"]
[SourceVersion "1"]
[SourceVersionDate "2020.07.31"]
[SourceQuality "1"]

1. g3 Nf6 2. Bg2 g6 3. d4 Bg7 4. e4 d6 5. Ne2 0-0 6. 0-0 Nbd7 7. c4 e5 8. Nbc3 exd4 9. Nxd4 Re8 10. h3 Nc5 11. Re1 c6 12. Qc2 Bd7 13. Bf4 Nfxe4 14. Nxe4 Bxd4 15. Rad1 Ne6 16. Bxd6 f5 17. Nc3 Qf6 18. Ba3 Rad8 19. Ne2 Bc5 20. Bxc5 Nxc5 21. Nf4 a5 22. b3 Bc8 23. h4 Qf7 24. a3 Ne6 25. Nxe6 Bxe6 26. Rxd8 Rxd8 27. Qe2 Re8 28. a4 Bd7 29. Qd2 Rxe1+ 30. Qxe1 b6 31. Qe3 Qe6 32. Qxb6 Qe1+ 33. Kh2 Kf7 34. Qa7 Ke8 35. Qe3+ Qxe3 36. fxe3 Ke7 37. c5 Kd8 38. Bf3 Be6 39. Bd1 Ke7 40. Kg2 Kf6 41. Kf3 Ke5 42. Bc2 Bd5+ 43. Ke2 h6 44. Bd1 Be4 45. Kd2 Kd5 46. Kc3 Kxc5 47. Be2 g5 48. hxg5 hxg5 49. Bc4 Bd5 50. Bd3 Be4 51. Bc4 Kd6 52. Kd4 c5+ 53. Kc3 Bd5 54. Bd3 Ke5 55. Bc2 Be4 56. Bd1 Bb1 57. Bf3 Be4 58. Be2 Bd5 59. Bd3 Kf6 60. Bc2 Be6 61. Bd3 Ke5 62. Bc2 Bc8 63. Bd3 Bb7 64. Kc4 Bd5+ 65. Kxc5 Bxb3 66. Kb5 Bd5 67. Kxa5 Be4 68. Be2 Bd5 69. Bd3 Be4 70. Bb5 Bc2 71. Bc6 Be4 72. Kb6 Bxc6 73. Kxc6 Ke4 74. a5 Kxe3 75. a6 f4 76. a7 fxg3 77. a8Q g2 78. Qa1 Kf2 79. Qb2+ Kf1 80. Qc1+ Kf2 81. Qd2+ Kf1 82. Qd1+ Kf2 83. Qd4+ Kf1 84. Qf6+ Ke2 85. Qxg5 Kf2 86. Qf4+ Ke2 87. Qg3 Kf1 88. Qf3+ Kg1 89. Kd5 Kh2 90. Qh5+ Kg3 91. Qg5+ Kf2 92. Qf4+ Ke2 93. Qg3 Kf1 94. Qf3+ Kg1 95. Ke4 Kh2 96. Qh5+ Kg3 97. Qg5+ Kf2 98. Qf4+ Ke1 99. Qg3+ Kf1 100. Kf3 g1Q 101. Qxg1+ Kxg1 1/2-1/2

[Event "Titled Tuesday intern op 6th June"]
[Site "Chess.com INT"]
[Date "2020.06.02"]
[Round "10"]
[White "Troyke, Christian"]
[Black "Schrik, Rachid"]
[Result "1-0"]
[WhiteElo "2317"]
[BlackElo "2198"]
[PlyCount "59"]
[EventDate "2020.06.02"]
[EventType "swiss (blitz)"]
[EventRounds "10"]
[EventCountry "USA"]
[SourceTitle "CBM 196 Extra"]
[Source "ChessBase"]
[SourceDate "2020.07.31"]
[SourceVersion "1"]
[SourceVersionDate "2020.07.31"]
[SourceQuality "1"]

1. g3 e5 2. Bg2 d5 3. c4 dxc4 4. Na3 Bxa3 5. Qa4+ Bd7 6. Qxa3 Bc6 7. Nf3 Ne7 8. 0-0 Nd7 9. Qc3 b5 10. Nxe5 Bxg2 11. Kxg2 Nxe5 12. Qxe5 Qd5+ 13. Qxd5 Nxd5 14. b3 Nb6 15. bxc4 Nxc4 16. d3 Nd6 17. Bb2 0-0 18. Rfc1 Rfc8 19. Rc6 b4 20. Rac1 Nb5 21. R1c5 a6 22. Rc4 Na3 23. Rxb4 Nb5 24. a4 Nd6 25. Be5 a5 26. Rb2 f6 27. Bxd6 cxd6 28. Rxd6 Rab8 29. Rxb8 Rxb8 30. Ra6 1-0

[Event "GER Cup Net V4 U2400"]
[Site "Playchess.com INT"]
[Date "2020.05.31"]
[Round "3"]
[White "Dahl, Christoph"]
[Black "Troyke, Christian"]
[Result "1-0"]
[WhiteElo "2104"]
[BlackElo "2229"]
[PlyCount "117"]
[EventDate "2020.05.31"]
[EventType "swiss (blitz)"]
[EventRounds "9"]
[EventCountry "GER"]
[SourceTitle "EXT 2021"]
[Source "ChessBase"]
[SourceDate "2020.10.23"]
[SourceVersion "1"]
[SourceVersionDate "2020.10.23"]
[SourceQuality "1"]

1. e4 c5 2. Nf3 g6 3. d4 cxd4 4. Nxd4 Bg7 5. c4 Nc6 6. Be3 Nf6 7. Nc3 0-0 8. Be2 b6 9. 0-0 Bb7 10. f3 Qb8 11. Qd2 Rd8 12. Rad1 d6 13. b3 Rd7 14. Nd5 Qf8 15. Rc1 Rad8 16. Rfd1 e6 17. Nxf6+ Bxf6 18. Nxc6 Bxc6 19. Bd4 Qg7 20. Bxf6 Qxf6 21. Rc2 Bb7 22. Qe3 Qe5 23. Rcd2 Kg7 24. Qd4 Qxd4+ 25. Rxd4 Bc6 26. Kf2 Kf6 27. Ke3 d5 28. cxd5 exd5 29. Rc1 Bb7 30. Bb5 Re7 31. Kf2 a6 32. Bf1 Red7 33. Rcd1 b5 34. a4 bxa4 35. bxa4 a5 36. Bb5 Rd6 37. f4 Ke7 38. e5 Re6 39. Rc1 Ba6 40. Rc7+ Kf8 41. Bxa6 Rxa6 42. Rc5 Rb6 43. Rxa5 Rc8 44. Raxd5 Rc3 45. a5 Rb2+ 46. Rd2 Rb4 47. g3 Ra4 48. Rb5 h5 49. Kg2 h4 50. Kh3 hxg3 51. hxg3 Rxf4 52. Rc2 Rff3 53. Rxc3 Rxc3 54. a6 Ra3 55. Rb8+ Ke7 56. Ra8 Ke6 57. a7 Kf5 58. e6 Kxe6 59. Re8+ 1-0

[Event "GER Cup Net V4 U2400"]
[Site "Playchess.com INT"]
[Date "2020.05.31"]
[Round "1"]
[White "Namyslo, Holger"]
[Black "Troyke, Christian"]
[Result "0-1"]
[WhiteElo "1988"]
[BlackElo "2229"]
[PlyCount "110"]
[EventDate "2020.05.31"]
[EventType "swiss (blitz)"]
[EventRounds "9"]
[EventCountry "GER"]
[SourceTitle "EXT 2021"]
[Source "ChessBase"]
[SourceDate "2020.10.23"]
[SourceVersion "1"]
[SourceVersionDate "2020.10.23"]
[SourceQuality "1"]

1. e4 c5 2. Nf3 g6 3. d4 cxd4 4. Nxd4 Bg7 5. Nc3 Nc6 6. Nb3 Nf6 7. Be2 0-0 8. 0-0 d6 9. Bg5 h6 10. Bh4 Be6 11. f4 a6 12. a4 Na5 13. e5 Ne8 14. Nxa5 Qxa5 15. Bxe7 dxe5 16. Bxf8 Kxf8 17. fxe5 Bxe5 18. Bf3 Qb6+ 19. Kh1 Qxb2 20. Ne4 Qxa1 21. Qxa1 Bxa1 22. Rxa1 Rc8 23. c3 Bd5 24. Rc1 Bxe4 25. Bxe4 Nd6 26. Bd5 b5 27. axb5 axb5 28. Kg1 Rc5 29. Bf3 b4 30. c4 Rxc4 31. Rd1 Nf5 32. Rd8+ Kg7 33. Rb8 Nd4 34. Bd5 Rc1+ 35. Kf2 Rc5 36. Bxf7 Kxf7 37. Rxb4 Ne6 38. h3 Kf6 39. Kg3 Rg5+ 40. Kh2 h5 41. g4 hxg4 42. hxg4 Rc5 43. Kg3 Kg5 44. Re4 Rc3+ 45. Kg2 Nf4+ 46. Kf2 Kxg4 47. Ra4 g5 48. Rb4 Rf3+ 49. Ke1 Kg3 50. Rb8 g4 51. Rg8 Ra3 52. Kd2 Kf3 53. Rg7 g3 54. Rg8 g2 55. Rg7 Ra1 0-1

[Event "GER Cup Net V4 U2400"]
[Site "Playchess.com INT"]
[Date "2020.05.31"]
[Round "4"]
[White "Troyke, Christian"]
[Black "Colbow, Collin"]
[Result "1-0"]
[WhiteElo "2229"]
[BlackElo "2028"]
[PlyCount "61"]
[EventDate "2020.05.31"]
[EventType "swiss (blitz)"]
[EventRounds "9"]
[EventCountry "GER"]
[SourceTitle "EXT 2021"]
[Source "ChessBase"]
[SourceDate "2020.10.23"]
[SourceVersion "1"]
[SourceVersionDate "2020.10.23"]
[SourceQuality "1"]

1. g3 c5 2. Bg2 Nc6 3. c4 g6 4. Nc3 Bg7 5. Nf3 d6 6. 0-0 e5 7. a3 a5 8. d4 exd4 9. Nb5 Nge7 10. e3 0-0 11. exd4 cxd4 12. Nfxd4 Nxd4 13. Nxd4 d5 14. c5 Nc6 15. Be3 Qf6 16. Nb5 d4 17. Bf4 Bf5 18. Nd6 g5 19. Nxf5 Qxf5 20. Bd6 Rfe8 21. Qb3 Qd7 22. Rfe1 h6 23. Bd5 Rac8 24. Rad1 Rxe1+ 25. Rxe1 Re8 26. Rxe8+ Qxe8 27. Qxb7 d3 28. Qxc6 Qe1+ 29. Kg2 d2 30. Qa8+ Kh7 31. Be4+ 1-0